1964 1907 1304 1592 1334 1416 1285 1450 1350 1029 1707 1235 1169 1566 1952 1610 1903 1479 1595 1568 1509 1013 1921 1794 1372 1659 1704 1633 1179 1491 1583 1045 1617 1691 1595 1141 1242 1899 1618 1434 1516 1070 1987 1092 1903 1296 1684 1970 1866 1513 1919 1565 1810 1324 1155 1418 1850 1891 1192 1001 1567 1580 1639 1552 1210 1965 1720 1290 1993 1958 1371 1819 1866 1056 1693 1152 1355 1511 1281 1498 1127 1620 1993 1378 1524 1133 1712 1116 1662 1635 1231 1616 1518 1580 1188 1290 1542 1164 1820 BCNSPRNW ULIB Ver.6.0+V

เปลี่ยนเป็นภาษาไทย

Change to English
 แสดงรายละเอียดบรรณานุกรม
  กลับหน้าหลัก

Brief Record : Get Marc (ISO 2709) : E-mail record : QR code < ปิดหน้าต่าง
LEADER : 00000nam 2200000uu 4500
001    13399110232
003     ULIB
008    110426s2552||||th 000 0 tha d
020    9786167056029
060  4 WM15^bว583อ 2552
100 0  วิทยากร เชียงกูล
245 10 อธิบายศัพท์จิตวิทยาและการพัฒนาตนเอง = Dictionary of psychologyand self development /^cวิทยากร เชียงกูล
250    พิมพ์ครั้งที่ 1
260    กรุงเทพฯ :^bสายธาร,^c2552
300    260 หน้า ;^c21 ซม
650  7 dictionaries
650  7 psychology
945    ^p200^l0^i027199
945    ^p200^l0^i027198
945    ^p200^l0^i027197
995    ทศพร
999 ^a ใช้งานได้ทุกระบบ
รายการนี้ยังไม่มีแท็ก
คุณยังไม่ได้ล็อกอิน คุณสามารถมีกิจกรรมร่วมกับเว็บไซต์ได้ แต่ต้องล็อกอินก่อน ::
  ล็อกอิน

รายการสื่อสารสนเทศ

ลำดับที่ ประเภท เลขเรียก/บาร์โค้ด สถานที่ สถานะ
- ไม่พบข้อมูล -

รายการใกล้เคียง
    ผู้แต่ง [วิทยากร เชียงกูล]

    หัวเรื่อง [dictionaries]
    หัวเรื่อง [psychology]

BibComment


ยังไม่เคยถูกคอมเมนท์

คอมเมนท์ทรัพยากรรายการนี้
  คอมเมนท์: อธิบายศัพท์จิตวิท..


 Copyright 2026. Bcnsprnw @Library